000 02682nam a22005057a 4500
005 20110810152733.0
007 ca cga||||||||
008 101222s2007 cau | g 00| 0 eng
010 _aDVD-008145-150
020 _a8903539705915
024 1 _a014633153606
035 _aDVD-008151-156
040 _aDPL
_cVEN
082 _aDVD HARR
245 0 0 _aHarry Potter and the prisoner of Azkaban
_cdirected by Alfonso Cuaron.
246 3 0 _aOrder of the phoenix
250 _aPC DVD
260 _aMumbai:
_bReliance Big Entertainment
_cc2011.
260 _bWarner Bros. Entertainment
270 _aJawharlal Nehru Road, Santacruz(E),
_bMumbai
_e400055
_k022-30669666
300 _a1 DVD :
_bsd., col. ;
_c4 3/4 in. +
306 _a154 Minute
500 _aSummary from container.
500 _aNot viewed.
520 _aExplore all of Hogwarts to recruit Dumbledore's Army, overthrow Umbridge and prepare to fight Voldemort and his Death Eaters.
538 _aSystem requirements: Pentium-based IBM-PC or compatible, 1.6GHz or faster; Windows XP or Vista.
650 0 _aPotter, Harry (Fictitious character)
_932341
650 0 _932342
650 0 _932343
650 0 _932344
650 0 _932345
710 2 _aElectronic Arts (Firm)
_932346
710 2 _aCopyright Collection (Library of Congress)
_5DLC
_932347
730 0 _aHarry Potter and the prisoner of Azkaban (Motion picture)
_932348
906 _gy-movingim
942 _2ddc
_cCF
_hDVD
_mHARR
999 _c55234
_d55234